000 00677cab a2200217 4500
001 X77315
008 090401t xxu||||| |||| 00| 0 eng d
035 _a(Sirsi) u77315
041 _aeng
245 _aBank of Scotland v Grant
260 _c[1997 NPC 38 (3)
350 _a0
490 _aNew Property Cases
_v[1997 NPC 38 (3)
520 _aCA 13 March 1997. A wife fails to bring herself within the relief available under O`Brien despite some misdirection below. NOT TO BE PHOTOCOPIED.
650 _aBANK OF SCOTLAND V GRANT
650 _aBARCLAYS BANK V O`BRIEN
650 _aMORTGAGES
690 _aPROPERTY LAW AND PRACTICE
942 _n0
948 _c24/03/1997
999 _c48617
_d48617